Представление документа в формате MARC21

Поле Инд. ПП Название Значение
Тип записи a
Библиографический уровень m
001 Контрольный номер RU/IS/BASE/464194949
005 Дата корректировки 20140922133412.7
040 a Служба первич. каталог. НБ ТвГУ
b Код языка каталог. rus
e Правила каталог. PSBO
041 0_ a Код языка текста rus
080 a Индекс УДК 94(47)"19"
084 a Индекс другой классификации/Индекс ББК Т3(2)6-21
090 a Полочн. индекс Т3(2)6
x Авторский знак А 25
245 10 a Заглавие Аграрный вопрос в России в начале XX столетия
b Продолж. заглавия обзор
c Ответственность [В.С. Коновалов ; отв. ред. к.и.н. В. М. Шевырин].
260 a Место издания Москва
b Издательство ИНИОН
c Дата издания 1996
300 a Объем 157, [1] с.
440 _0 a Серия Отечественная история / Рос. акад. наук, Ин-т науч. информ. по обществ. наукам (ИНИОН)
504 a Библиография Библиогр.: с. 144-158 (183 назв.) и в подстроч. примеч.
653 a Ключевые слова 20 в.
a Ключевые слова Аграрные отношения
a Ключевые слова Аграрные программы
a Ключевые слова Аграрный вопрос
a Ключевые слова Гражданская война
a Ключевые слова История России
a Ключевые слова Крестьянские движения
a Ключевые слова Крестьянство
a Ключевые слова Политические партии
a Ключевые слова Революции
901 t Тип документа m
920 a Оператор Поля
a Оператор Суха
a Оператор Густ
a Оператор Стро
930 a Новая/Ретро новая
952 c Вид литературы К рн
954 a Дата поступления на обработку 20140919
c Дата окончания ОНО 20140922
b Дата поступления в ОК 20140916